000 00412nam a2200145Ia 4500
008 231129s2000||||xx |||||||||||||| ||spa||
020 _a958-04-3451-4
040 _bspa
082 _a(i) 823 M216r
100 _aMahy Margaret
245 0 _aEl rescate con el chicle y otras historias
260 _c2000
264 _aBarcelona España. Bogotá: Norma
942 _2ddc
_cBKS
999 _c12298
_d12298